Största Städerna i Världen på varje Bokstav - Statistics

General Stats
  • This quiz has been taken 4 times
    3 since last reset
  • The average score is 13 of 26
Answer Stats
Befolkning Region Stad % Correct
B 21.8 m Sydostasien Bangkok
100%
E 1.46 m Nordamerika Edmonton
100%
I 16.0 m Mellanöstern Istanbul
100%
J 29.5 m Sydostasien Jakarta
100%
K 22.8 m Afrika Kairo
100%
L 21.3 m Afrika Lagos
100%
P 11.5 m Europa Paris
100%
R 13.6 m Sydamerika Rio de Janeiro
100%
S 41.6 m Östasien Shanghai
100%
A 9.90 m Sydasien Ahmedabad
50%
D 35.7 m Sydasien Delhi
50%
G 72.7 m Östasien Guangzhou
50%
M 27.8 m Sydostasien Manila
50%
N 21.8 m Nordamerika New York City
50%
T 41.2 m Östasien Tokyo
50%
V 3.18 m Nordamerika Vancouver
50%
C 15.00 m Östasien Chengdu
0%
F 4.78 m Östasien Fuzhou
0%
H 14.6 m Östasien Hangzhou
0%
O 17.7 m Östasien Osaka
0%
Q 7.70 m Östasien Qingdao
0%
U 5.00 m Östasien Ürümqi
0%
W 12.6 m Östasien Wuhan
0%
X 15.4 m Östasien Xiamen
0%
Y 5.65 m Sydostasien Yangon
0%
Z 10.3 m Östasien Zhengzhou
0%
No matching quizzes found
Score Distribution
Percent of People with Each Score
Percentile by Number Answered
Your Score History
You have not taken this quiz since the last reset